000
00267nam a2200109Ia 4500
008
220204s9999 xx 000 0 und d
082
_a
82-3
_b
HUG
100
_a
Hughes, Richard
245
2
_a
A High wind in Jamaica
260
_a
Great Britain
_b
Triad
_c
1977
942
_c
BK
999
_c
32222
_d
32222